书目信息 |
| 题名: |
智能气功名词释义(简本)
|
|
| 作者: | ;华夏智能气功培训中心 编 | |
| 分册: | ||
| 出版信息: | 北京 国际文化出版公司 1998 |
|
| 页数: | 406页 | |
| 开本: | 20cm | |
| 丛书名: | ||
| 单 册: | ||
| 中图分类: | G852.6 | |
| 科图分类: | ||
| 主题词: | 武术 , 民族形式体育 | |
| 电子资源: | ||
| ISBN: | 7-80105-686-8 | |
| 000 | 00669nam0 2200205 450 | |
| 001 | 0758243925 | |
| 005 | 20070729161058.65 | |
| 010 | @a7-80105-686-8@dCNY16.00 | |
| 100 | @a20070728d1998 km y0chiy0120 ea | |
| 101 | 0 | @achi |
| 102 | @aCN | |
| 200 | 1 | @a智能气功名词释义(简本)@Azhi neng qi gong ming ci shi yi(jian ben)@f华夏智能气功培训中心编@Fhua xia zhi neng qi gong pei xun zhong xin bian |
| 210 | @a北京@c国际文化出版公司@d1998 | |
| 215 | @a406页@d20cm | |
| 606 | 0 | @a武术 |
| 606 | 0 | @a民族形式体育 |
| 690 | @aG852.6@v3 | |
| 711 | 02 | @a华夏智能气功培训中心@Ahua xia zhi neng qi gong pei xun zhong xin@4编 |
| 801 | 0 | @aCN@bPFT@c20070729 |
| 905 | @a10447@dG852.6@e157 | |
| 智能气功名词释义(简本)/华夏智能气功培训中心编.-北京:国际文化出版公司,1998 |
| 406页;20cm |
| ISBN 7-80105-686-8:CNY16.00 |
| ● |
| 相关链接 |
|
|
|
|
正题名:智能气功名词释义(简本)
索取号:G852.6/157
 
预约/预借
| 序号 | 登录号 | 条形码 | 馆藏地/架位号 | 状态 | 备注 |
| 1 | 0789070 | 207890709 | 第一样本阅览室/ [索取号:G852.6/157] | 在馆 | |
| 2 | 0789071 | 207890718 | 第四借阅区/ [索取号:G852.6/157] | 在馆 | |
| 3 | 0789072 | 207890727 | 第四借阅区/ [索取号:G852.6/157] | 在馆 | |
| 4 | 0789073 | 207890736 | 第四借阅区/ [索取号:G852.6/157] | 在馆 | |
| 5 | 0789074 | 207890745 | 第四借阅区/ [索取号:G852.6/157] | 在馆 |